| 000 | 01215cam a22002531i 4500 | ||
|---|---|---|---|
| 003 | SA-RiAUC | ||
| 005 | 20241103113744.0 | ||
| 008 | 241102s2008 ||| g 000 0 ara c | ||
| 040 |
_aSA-JeALM _bara _cSA-RiAUC _erda |
||
| 082 | 0 | 4 | _a189.1 |
| 090 |
_a189.1 _bن ش ا |
||
| 100 | 1 |
_aالنشار، علي سامي، _d1917-1980 _eمؤلف. |
|
| 245 | 1 | 0 |
_aنشأة الفكر الفلسفي في الإسلام / _bالجزء الثاني نشأة التشيع وتطوره . الجزء الثالث الزهد والتصوف في القرنين الاول والثاني الهجريين _cعلي سامي النشار. |
| 250 | _aالطبعة الأولى. | ||
| 264 | 1 |
_aالقاهرة : _bدار السلام، _c2008 |
|
| 300 | _a3 مجلد | ||
| 336 |
_aنص _btxt _2rdacontent _3كتاب |
||
| 337 |
_aبدون وسيط _bn _2rdamedia |
||
| 338 |
_aمجلد _bnc _2rdacarrier |
||
| 500 | _aالجزء الثاني نشأة التشيع وتطوره . الجزء الثالث الزهد والتصوف في القرنين الاول والثاني الهجريين | ||
| 650 | 7 |
_aالفلسفة الإسلامية _xتاريخ _2aucsh |
|
| 942 |
_2ddc _cBOOK _n0 |
||
| 949 |
_aSA-JeALM _d241102 _umohamedma123 _n1 |
||
| 999 |
_c1989 _d1989 |
||